| 000 | 01072cam a2200265 4500 | ||
|---|---|---|---|
| 001 | RV123522 | ||
| 008 | 030909n2003 000 0 eng u | ||
| 035 | _a(Sirsi) u123522 | ||
| 100 | _aHoward, Annette | ||
| 245 |
_aR740 _bantiques and fine art |
||
| 260 |
_aLondon _bRICS _c2003 |
||
| 490 |
_aRICS Abstracts and Reviews _v39(2) February 2003,19-24(6) |
||
| 490 | _aRICS Library and Information Services Review | ||
| 520 | _aProvides an overview of key organisations and information sources of interest to both the professional and lay person interested in antiques and the fine arts. Gives full details of the organisations and websites. Available from the RICS LIbrary, price £4. | ||
| 650 | _aREADING LISTS | ||
| 650 | _aANTIQUITIES | ||
| 650 | _aART DEALER | ||
| 650 | _aANTIQUE DEALERS | ||
| 650 | _aAPPRAISERS | ||
| 650 | _aAUCTIONEERS | ||
| 690 |
_aArts and antiques _96217 |
||
| 710 |
_aRoyal Institution of Chartered Surveyors _bLibrary and Information Services _94634 |
||
| 710 |
_aRoyal Institution of Chartered Surveyors _94900 |
||
| 942 | _n0 | ||
| 999 |
_c103050 _d103050 |
||